La investigación sobre manejo de recursos naturales para fines pruductivos en América Latina / (Record no. 1915)
[ view plain ]
| 000 -LEADER | |
|---|---|
| campo de control de longitud fija | 00907cam a2200241 4500 |
| 001 - NÚMERO DE CONTROL | |
| campo de control | 12610 |
| 005 - FECHA Y HORA DE LA ÚLTIMA TRANSACCIÓN | |
| campo de control | 20230404125642.0 |
| 008 - DATOS DE LONGITUD FIJA--INFORMACIÓN GENERAL | |
| campo de control de longitud fija | 060907n1996 wau spa |
| 035 ## - NÚMERO DE CONTROL DEL SISTEMA | |
| -- | funglode12710 |
| 041 ## - CÓDIGO DE IDIOMA | |
| Código de lengua del texto/banda sonora o título independiente | spa |
| 050 14 - SIGNATURA TOPOGRÁFICA DE LA BIBLIOTECA DEL CONGRESO | |
| Número de clasificación | CD F |
| 100 1# - ENTRADA PRINCIPAL--NOMBRE DE PERSONA | |
| Nombre de persona | Kaimowitz, David |
| 245 13 - MENCIÓN DEL TÍTULO | |
| Título | La investigación sobre manejo de recursos naturales para fines pruductivos en América Latina / |
| Mención de responsabilidad, etc. | DavidKaimowitz |
| 260 ## - PUBLICACIÓN, DISTRIBUCIÓN, ETC. | |
| Lugar de publicación, distribución, etc. | Washington, D.D. : |
| Nombre del editor, distribuidor, etc. | Banco Interamericano de Desarrollo, |
| Fecha de publicación, distribución, etc. | 1996 |
| 300 ## - DESCRIPCIÓN FÍSICA | |
| Extensión | 61 p. |
| 500 ## - NOTA GENERAL | |
| Nota general | "Septiembre 1996." |
| 504 ## - NOTA DE BIBLIOGRAFÍA, ETC. | |
| Nota de bibliografía, etc. | Includes bibliographical references (p. 51-57). |
| 650 #0 - PUNTO DE ACCESO ADICIONAL DE MATERIA--TÉRMINO DE MATERIA | |
| Término de materia o nombre geográfico como elemento de entrada | Renewable natural resources |
| Subdivisión geográfica | Latin America |
| Subdivisión general | Research. |
| 650 #0 - PUNTO DE ACCESO ADICIONAL DE MATERIA--TÉRMINO DE MATERIA | |
| Término de materia o nombre geográfico como elemento de entrada | Renewable natural resources |
| Subdivisión geográfica | Latin America |
| Subdivisión general | Research |
| Subdivisión de forma | Case studies. |
| 650 #0 - PUNTO DE ACCESO ADICIONAL DE MATERIA--TÉRMINO DE MATERIA | |
| Término de materia o nombre geográfico como elemento de entrada | Agricultural resources |
| Subdivisión geográfica | Latin America |
| Subdivisión general | Research. |
| 650 #0 - PUNTO DE ACCESO ADICIONAL DE MATERIA--TÉRMINO DE MATERIA | |
| Término de materia o nombre geográfico como elemento de entrada | Agricultural resources |
| Subdivisión geográfica | Latin America |
| Subdivisión general | Research |
| Subdivisión de forma | Case studies. |
| 942 ## - ELEMENTOS DE ENTRADA SECUNDARIOS (KOHA) | |
| Fuente del sistema de clasificación o colocación | Clasificación de Library of Congress |
| Tipo de ítem Koha | |
| Estatus retirado | Estado de pérdida | Fuente del sistema de clasificación o colocación | Estado de daño | No para préstamo | Colección | Biblioteca de origen | Biblioteca actual | Ubicación en estantería | Fecha de adquisición | Serial enumeration / chronology | Total checkouts | Signatura topográfica completa | Código de barras | Visto por última vez | Copia número | Precio de reemplazo | Tipo de ítem Koha |
|---|---|---|---|---|---|---|---|---|---|---|---|---|---|---|---|---|---|
| Clasificación de Library of Congress | Referencia | Biblioteca Juan Bosch | Biblioteca Juan Bosch | Colección Documental (Referencia, 1er. Piso) | 23/10/2018 | 1 | CD F | 00000005812 | 23/10/2018 | 1 | 23/10/2018 |
